Library of the University of Algiers 3
Ibrahim Sultan Cheibout
شعار جامعة الجزائر 3
مكتبة جامعة الجزائر 3
إبراهيم سلطان شيبوط

أزمة المياه في الوطن العربي / (رقم التسجيلة. 46059)

تفاصيل مارك
000 -LEADER
fixed length control field 01425nam a2200241Ia 4500
003 - CONTROL NUMBER IDENTIFIER
control field Ost
005 - DATE AND TIME OF LATEST TRANSACTION
control field 20260507075733.0
008 - FIXED-LENGTH DATA ELEMENTS--GENERAL INFORMATION
fixed length control field 260507s9999||||xx |||||||||||||| ||und||
020 ## - INTERNATIONAL STANDARD BOOK NUMBER
International Standard Book Number 9772793873
040 ## - CATALOGING SOURCE
Transcribing agency fsecg
041 ## - LANGUAGE CODE
Language code of text/sound track or separate title ara
082 ## - DEWEY DECIMAL CLASSIFICATION NUMBER
Classification number 333.91
100 ## - MAIN ENTRY--PERSONAL NAME
Personal name سعيد، رشدي
Relator term مؤلف
245 #0 - TITLE STATEMENT
Title أزمة المياه في الوطن العربي /
Statement of responsibility, etc. رشدي سعيد
260 ## - PUBLICATION, DISTRIBUTION, ETC.
Place of publication, distribution, etc. القاهرة:
Name of publisher, distributor, etc. دار الأمين للنشر والتوزيع,
Date of publication, distribution, etc. 2004
300 ## - PHYSICAL DESCRIPTION
Extent 127 صفحة؛
Other physical details إيضاحات ؛
Dimensions 24 سم
504 ## - BIBLIOGRAPHY, ETC. NOTE
Bibliography, etc. note ببليوغرافيا: ص.107 قائمة مطبوعات مركز البحوث العربية ص.115
520 ## - SUMMARY, ETC.
Summary, etc. أزمة المياه في الشرق الأوسط،شح المياه والصراع العربي الاسرائيلي،الماء في منطقة الشام،مناقشات الجلسة الأولى،اقتراح لزيادة مساحة الأرض بنفس كميات مياه الري،أزمة المياه في وادي النيل،مناقشات الجلسة الثانية،مستقبل الإستفادة من مياه النيل،ضبط ماء النيل،استخدام دول حوض النيل لمياهه،اتفاقية ضبط وتوزيع مياه النيل بين الدول النيلية
653 ## - INDEX TERM--UNCONTROLLED
Uncontrolled term المياه
653 ## - INDEX TERM--UNCONTROLLED
Uncontrolled term الوطن العربي
700 ## - ADDED ENTRY--PERSONAL NAME
Personal name الطويل، سعد
Relator term مؤلف ثانوي
942 ## - ADDED ENTRY ELEMENTS (KOHA)
Koha item type كتب
المقتنيات
Withdrawn status Lost status Source of classification or shelving scheme Damaged status Not for loan Home library Current library Date acquired Serial enumeration / chronology Inventory number Total checkouts Full call number Barcode Date last seen Price effective from Koha item type
    Library of Congress Classification   NOT LOAN / إعارة داخلية مكتبة كلية العلوم الإقتصادية والعلوم التجارية وعلوم التسيير مكتبة كلية العلوم الإقتصادية والعلوم التجارية وعلوم التسيير 07/05/2026 الطابق الأرضي 1206/1   أ/1206ن1 1206/1 07/05/2026 07/05/2026 كتب
    Dewey Decimal Classification   Available مكتبة كلية العلوم الإقتصادية والعلوم التجارية وعلوم التسيير مكتبة كلية العلوم الإقتصادية والعلوم التجارية وعلوم التسيير 07/05/2026 الطابق الأرضي 1206/2   أ/1206ن2 1206/2 07/05/2026 07/05/2026 كتب
    Dewey Decimal Classification   Available مكتبة كلية العلوم الإقتصادية والعلوم التجارية وعلوم التسيير مكتبة كلية العلوم الإقتصادية والعلوم التجارية وعلوم التسيير 07/05/2026 الطابق الأرضي 1206/3   أ/1206ن3 1206/3 07/05/2026 07/05/2026 كتب
    Dewey Decimal Classification   Available مكتبة كلية العلوم الإقتصادية والعلوم التجارية وعلوم التسيير مكتبة كلية العلوم الإقتصادية والعلوم التجارية وعلوم التسيير 07/05/2026 الطابق الثاني 1206/4   أ/1206ن4 1206/4 07/05/2026 07/05/2026 كتب
    Dewey Decimal Classification   Available مكتبة كلية العلوم الإقتصادية والعلوم التجارية وعلوم التسيير مكتبة كلية العلوم الإقتصادية والعلوم التجارية وعلوم التسيير 07/05/2026 الطابق الثاني 1206/5   أ/1206ن5 1206/5 07/05/2026 07/05/2026 كتب

موارد الويب المفتوحة


© University of Algiers 3 All Rights Reserved
|
Implemented by LECHELAH Riad